Najwyższe szczyty państw Europy - Statystyki

Ogólne statystyki
  • Ten quiz został rozwiązany 42 razy
  • Średni wynik to 5 z 10
Statystyki odpowiedzi
Obrazkowy Odpowiedź % Poprawnych
Mont Blanc
100%
Rysy
97%
Gerlach
91%
Śnieżka
81%
Zugspitze
44%
Kékes
22%
Dzierżyńska Góra
16%
Wysoka Góra
16%
Carrantuohill
9%
Midżur
6%
Nie znaleziono quizów pasujących do podanych kryteriów
Rozkład punktacji
Procent ludzi z każdym wynikiem
Percentyl według liczby udzielonych odpowiedzi
Twoja historia wyników
Nie rozwiązałeś tego quizu